| 000 | 00565nam a2200193 4500 | ||
|---|---|---|---|
| 001 | sa 65002252 | ||
| 003 | DLC | ||
| 005 | 20260227112115.0 | ||
| 008 | 880715s1962 br 00000 buro | ||
| 010 | _asa 65002252 //r88 | ||
| 050 | 0 |
_aPL3988.P4 _bH7 |
|
| 100 | 0 | 0 |
_aPe Thein, _cU, _d1889- |
| 245 | 1 | 0 |
_aHswēi nwēi hkān. _c[yēi thu] Shwei Ụ Dāung. |
| 260 | 0 |
_a[Mantạlēi, _bMō Ū Pān Sa pei Taik, _c1962] |
|
| 300 |
_a200 p. _c21 cm. |
||
| 490 | 0 | _aMō Ū Pān ạ htū htok | |
| 500 | _aAdded title: Dialogues of Shwe U Daung. | ||
| 500 | _aIn Burmese. | ||
| 999 |
_c62548 _d62548 |
||